[Event "29th World Junior Girls"]
[Site "Chennai IND"]
[Date "2011.08.05"]
[Round "4"]
[White "Pratyusha,B"]
[Black "Kulon,K"]
[Result "0-1"]
[WhiteElo "2064"]
[BlackElo "2227"]
[EventDate "2011.08.02"]

1. e4 c5 2. Nc3 a6 3. Nge2 b5 4. g3 Bb7 5. Bg2 e6 6. d3 b4 7. Nb1 g6 8. O-O
Bg7 9. c3 a5 10. Be3 Qc7 11. a3 bxc3 12. Nbxc3 Ne7 13. Rc1 O-O 14. Nb5 Qb6
15. a4 d6 16. d4 Na6 17. Qd2 Rfd8 18. Rfd1 Bc6 19. Nec3 Rab8 20. Bf1 Be8
21. Qe2 Nb4 22. e5 dxe5 23. dxc5 Qc6 24. Rd6 Rxd6 25. cxd6 Nf5 26. Ba7 Rd8
27. Bg2 Qa6 28. Bc5 Bc6 29. Be4 Qb7 30. Bxc6 Nxc6 31. Qe4 Qd7 32. Ne2 Rc8
33. g4 Nh6 34. g5 Nf5 35. Rd1 Nd8 36. Bb6 Nc6 37. Bc7 Bf8 38. Rc1 Ncd4 39.
Nexd4 exd4 40. Rd1 e5 41. Qxe5 Nxd6 42. Rxd4 Rxc7 43. Nxc7 Qxc7 44. Rd5
Qc1+ 45. Kg2 Nf5 46. Rxa5 Qxg5+ 47. Kf3 h5 48. Ke2 Qg4+ 49. Kd3 Qd1+ 50.
Ke4 Qc2+ 51. Kf3 Qd3+ 52. Kg2 Nh4+ 0-1

[Event "29th World Junior Girls"]
[Site "Chennai IND"]
[Date "2011.08.05"]
[Round "4"]
[White "Vo Thi Kim Phung"]
[Black "Guo,E"]
[Result "1-0"]
[WhiteElo "2141"]
[BlackElo "2029"]
[EventDate "2011.08.02"]

1. d4 Nf6 2. Nf3 d5 3. c4 e6 4. Nc3 Be7 5. Bg5 h6 6. Bh4 b6 7. e3 Bb7 8.
Rc1 O-O 9. Bd3 Nbd7 10. O-O Rc8 11. cxd5 Nxd5 12. Bxe7 Qxe7 13. Nxd5 Bxd5
14. Ba6 Rb8 15. Bb5 Rfc8 16. Bxd7 Qxd7 17. Ne5 Qe8 18. b3 Bb7 19. Qh5 f6
20. Qxe8+ Rxe8 21. Nc6 Bxc6 22. Rxc6 Re7 23. Rfc1 Rb7 24. Kf1 Kf7 25. Ke2
Ke8 26. e4 Kd8 27. Ke3 Rb8 28. g4 Kc8 29. b4 Kb7 30. a4 Rd8 31. b5 Ra8 32.
R6c4 Rd8 33. Ra1 Ra8 34. Rg1 Rc8 35. a5 Rd8 36. a6+ Kb8 37. h4 Rf8 38. Rc6
Rh8 39. Rc2 Rd7 40. f3 Rhd8 41. Rd1 Rd6 42. f4 g6 43. Rc4 c5 44. bxc6 Kc7
45. e5 Rd5 46. exf6 b5 47. Rc2 b4 48. Rc4 Rb5 49. Rb1 b3 50. Rb2 Rdb8 51.
Ke4 g5 52. fxg5 hxg5 53. hxg5 Rxg5 54. Kf4 Rgb5 55. Rc5 Rb4 1-0

[Event "29th World Junior Girls"]
[Site "Chennai IND"]
[Date "2011.08.05"]
[Round "4"]
[White "Savina,A"]
[Black "Arunima,K"]
[Result "1-0"]
[WhiteElo "2398"]
[BlackElo "1867"]
[EventDate "2011.08.02"]

1. d4 Nf6 2. c4 e6 3. Nc3 d5 4. cxd5 exd5 5. Bg5 Be7 6. e3 O-O 7. Bd3 Re8
8. Qc2 Nbd7 9. Nge2 Nf8 10. O-O c6 11. f3 h6 12. Bh4 Ne6 13. Rad1 b6 14.
Bf2 Bb7 15. Ng3 Rc8 16. Qd2 Bf8 17. Kh1 Qc7 18. e4 dxe4 19. fxe4 Rcd8 20.
Nf5 Qc8 21. e5 Nd5 22. Bh4 Nxc3 23. bxc3 Rd7 24. Qf2 c5 25. Bb5 Bc6 26.
Bxc6 Qxc6 27. d5 Qa4 28. dxe6 Rxd1 29. exf7+ Kxf7 30. Ne7+ Ke6 31. Qf5+ 1-0

[Event "29th World Junior Girls"]
[Site "Chennai IND"]
[Date "2011.08.05"]
[Round "4"]
[White "Bharathi,R"]
[Black "Shetye,Si"]
[Result "1-0"]
[WhiteElo "2117"]
[BlackElo "1890"]
[EventDate "2011.08.02"]

1. e4 e5 2. Nf3 Nc6 3. Bb5 a6 4. Ba4 Nf6 5. O-O b5 6. Bb3 Bc5 7. c3 d6 8.
d4 Bb6 9. Be3 Bg4 10. d5 Ne7 11. Nbd2 h6 12. a4 Rb8 13. Qe2 O-O 14. axb5
axb5 15. h3 Bxf3 16. Qxf3 Bxe3 17. Qxe3 Kh8 18. Bc2 b4 19. c4 Nd7 20. Nb3
Ng6 21. g3 Qg5 22. Ra7 Rfc8 23. Qxg5 hxg5 24. Rfa1 Kg8 25. Na5 Ne7 26. Bd1
g6 27. Bg4 f5 28. exf5 gxf5 29. Nc6 Nxc6 30. dxc6 fxg4 31. cxd7 Rd8 32.
Rxc7 gxh3 33. Ra6 d5 34. cxd5 Kf7 35. g4 Rb5 36. Rd6 Ra5 37. Rb7 b3 38. Kh2
Ra2 39. Rxb3 Ke7 40. Re6+ Kxd7 41. Rxe5 Rf8 42. f3 Ra1 43. Rxg5 Rf1 44.
Kxh3 R1xf3+ 45. Rxf3 1-0

[Event "29th World Junior Girls"]
[Site "Chennai IND"]
[Date "2011.08.05"]
[Round "4"]
[White "Frayna,Janelle Mae"]
[Black "Edes,Z"]
[Result "1/2-1/2"]
[WhiteElo "1875"]
[BlackElo "2067"]
[EventDate "2011.08.02"]

1. c4 e6 2. g3 d5 3. Bg2 c5 4. Nf3 d4 5. O-O Nc6 6. e3 Bd6 7. a3 a5 8. exd4
cxd4 9. b4 axb4 10. Bb2 Bc5 11. axb4 Rxa1 12. Bxa1 Nxb4 13. Qa4+ Bd7 14.
Qb3 Nc6 15. Na3 f6 16. Bb2 b6 17. Nb5 e5 18. Ba3 Na5 19. Qa2 Bxa3 20. Nxa3
Be6 21. d3 Ne7 22. Rb1 O-O 23. Qb2 Nc8 24. Nc2 Qc7 25. Nd2 Bd7 26. Nb4 Be6
27. Nd5 Bxd5 28. Bxd5+ Kh8 29. Be6 Nb7 30. Bxc8 Qxc8 31. Ra1 1/2-1/2

[Event "29th World Junior Girls"]
[Site "Chennai IND"]
[Date "2011.08.05"]
[Round "4"]
[White "Ivana Maria,F"]
[Black "Supriya,J"]
[Result "1-0"]
[WhiteElo "2012"]
[BlackElo "1829"]
[EventDate "2011.08.02"]

1. d4 Nf6 2. c4 g6 3. Nc3 Bg7 4. e4 d6 5. Nf3 O-O 6. Be2 Na6 7. O-O e5 8.
Be3 Ng4 9. Bg5 Qe8 10. Re1 h6 11. Bh4 f5 12. exf5 gxf5 13. dxe5 dxe5 14.
Qd5+ Qe6 15. h3 e4 16. hxg4 Qxd5 17. Nxd5 exf3 18. Bxf3 c6 19. Ne7+ Kh7 20.
Nxc8 Raxc8 21. gxf5 Rc7 22. Re2 Bf6 23. Bxf6 Rxf6 24. Rae1 Kg7 25. Re7+
Rxe7 26. Rxe7+ Rf7 27. Rxf7+ Kxf7 28. g4 Kf6 29. Kg2 h5 30. gxh5 Kxf5 31.
Bg4+ Kg5 32. f4+ Kh6 33. Kf3 Nb4 34. a3 Nd3 35. b3 b6 36. Ke3 Ne1 37. Ke4
c5 38. Bd1 Ng2 39. f5 Nh4 40. Ke5 1-0

[Event "29th World Junior Girls"]
[Site "Chennai IND"]
[Date "2011.08.05"]
[Round "4"]
[White "Savetha,C"]
[Black "Hansen,Erl"]
[Result "1-0"]
[WhiteElo "1992"]
[BlackElo "1770"]
[EventDate "2011.08.02"]

1. e4 c5 2. Nf3 Nc6 3. d4 cxd4 4. Nxd4 Nf6 5. Nc3 e5 6. Ndb5 d6 7. Bg5 a6
8. Na3 b5 9. Nd5 Be7 10. Bxf6 Bxf6 11. c3 Bg5 12. Nc2 Be6 13. a4 Rb8 14.
axb5 axb5 15. Ra6 Qc8 16. Ndb4 Nxb4 17. Nxb4 O-O 18. Rxd6 Be7 19. Rd2 Bxb4
20. cxb4 Bc4 21. Rc2 Qa6 22. Qc1 Rfc8 23. Be2 Qg6 24. O-O Qxe4 25. Re1 Qd4
26. Rd1 Qe4 27. b3 h6 28. bxc4 bxc4 29. Rxc4 Rxc4 30. Bxc4 Kf8 31. Qd2 1-0

[Event "29th World Junior Girls"]
[Site "Chennai IND"]
[Date "2011.08.05"]
[Round "4"]
[White "Nivedhitha,J"]
[Black "Akshaya,A"]
[Result "0-1"]
[WhiteElo "1743"]
[BlackElo "1966"]
[EventDate "2011.08.02"]

1. e4 e5 2. Nf3 Nc6 3. Bb5 a6 4. Ba4 Nf6 5. O-O b5 6. Bb3 Bc5 7. Nxe5 Nxe5
8. d4 Bxd4 9. Qxd4 d6 10. Bg5 c5 11. Qd2 c4 12. f4 Qb6+ 13. Kh1 Ned7 14.
Bxf6 Nxf6 15. Nc3 O-O 16. e5 dxe5 17. fxe5 Ng4 18. Nd5 Qh6 19. Qxh6 Nxh6
20. Nb6 Rb8 21. Nxc4 bxc4 22. Bxc4 Rxb2 23. Bb3 Be6 24. Rab1 Rxb1 25. Rxb1
Rc8 26. h3 Nf5 27. Bxe6 fxe6 28. Rb6 Rxc2 29. Rxa6 Nd4 30. a4 Ra2 31. a5
Nb3 32. Rxe6 Rxa5 33. Rb6 Nd4 34. e6 Kf8 35. Rb8+ Ke7 36. Rb7+ Kf6 37. e7
Re5 38. Rd7 Nf5 39. Rd2 Rxe7 40. Kg1 Ng3 41. Rd3 Ne4 42. Ra3 h5 43. g3 Rc7
44. Rf3+ Ke5 45. g4 hxg4 46. hxg4 Rc3 47. Rf5+ Kd4 48. Kh2 g5 49. Ra5 Ke3
50. Ra4 Kf4 51. Rb4 Re3 0-1

[Event "29th World Junior Girls"]
[Site "Chennai IND"]
[Date "2011.08.05"]
[Round "4"]
[White "Bala Kannamma,P"]
[Black "Savant,R"]
[Result "1/2-1/2"]
[WhiteElo "1931"]
[BlackElo "1743"]
[EventDate "2011.08.02"]

1. e4 c5 2. Nf3 Nc6 3. d4 cxd4 4. Nxd4 Nf6 5. Nc3 g6 6. Be2 Bg7 7. Be3 O-O
8. Nb3 a5 9. a4 Nb4 10. O-O d5 11. e5 Ne4 12. Bd4 Bf5 13. Bd3 Nc6 14. f4
Nxd4 15. Nxd4 Qb6 16. Ncb5 Bd7 17. Kh1 Bxb5 18. Bxb5 f6 19. exf6 Bxf6 20.
c3 Bxd4 21. cxd4 Rac8 22. Qd3 Rc7 23. Qe3 Rfc8 24. Bd3 Qxb2 25. Bxe4 dxe4
26. Qxe4 Qxa1 27. Rxa1 Rc1+ 28. Qe1 Rxe1+ 29. Rxe1 Rc4 30. g3 Kf7 31. Re5
Rxa4 32. Rb5 Rxd4 33. Rxb7 Rd2 34. Ra7 Ra2 35. Ra6 a4 36. Kg1 a3 37. h3 h6
38. Kh1 e6 39. h4 Kf6 40. Ra5 Ra1+ 41. Kg2 a2 42. Kh2 g5 43. hxg5+ hxg5 44.
Kg2 gxf4 45. gxf4 Kg6 46. Kh2 Rf1 47. Rxa2 Rxf4 48. Kg3 Kf5 49. Ra8 Rb4 50.
Kf3 Rb3+ 51. Ke2 e5 52. Ra4 e4 53. Ra8 1/2-1/2

[Event "29th World Junior Girls"]
[Site "Chennai IND"]
[Date "2011.08.05"]
[Round "4"]
[White "Shweta,G"]
[Black "Narenthran,Savithri"]
[Result "1-0"]
[WhiteElo "1922"]
[BlackElo "1693"]
[EventDate "2011.08.02"]

1. d4 d5 2. Nf3 Nf6 3. e3 e6 4. Bd3 c5 5. b3 cxd4 6. exd4 Bb4+ 7. c3 Bd6 8.
O-O Qc7 9. Bb2 b6 10. Qe2 Nc6 11. Nbd2 Bb7 12. Rac1 O-O 13. Rfe1 Bf4 14. g3
Bh6 15. Rc2 Qe7 16. Nb1 Rfe8 17. b4 a6 18. a4 Qc7 19. Na3 Ne7 20. Ne5 Ng6
21. Qd1 Nxe5 22. dxe5 Nd7 23. c4 Qd8 24. cxd5 Bxd5 25. Bc4 Bxc4 26. Nxc4
Qe7 27. Nd6 Red8 28. Rc7 f6 29. exf6 gxf6 30. Nb7 Bg7 31. Nxd8 Rxd8 32. Qg4
e5 33. Rd1 h5 34. Rdxd7 Rxd7 35. Qxd7 1-0

[Event "29th World Junior Girls"]
[Site "Chennai IND"]
[Date "2011.08.05"]
[Round "4"]
[White "Sahari,J"]
[Black "Tejaswini,S"]
[Result "1-0"]
[WhiteElo "1911"]
[BlackElo "1690"]
[EventDate "2011.08.02"]

1. e4 e5 2. Nf3 Nc6 3. Bb5 Bc5 4. c3 Nf6 5. O-O O-O 6. d4 Bb6 7. Re1 d6 8.
a4 a6 9. Bxc6 bxc6 10. h3 h6 11. dxe5 dxe5 12. Qe2 Qe7 13. Nbd2 Kh7 14. Nc4
Nd7 15. Be3 f6 16. Nh4 Nc5 17. b4 Nd7 18. Nf5 Qf7 19. Red1 Bxe3 20. Ncxe3
g6 21. Ng3 Re8 22. Qa2 Qxa2 23. Rxa2 Nf8 24. f3 Be6 25. Raa1 Rad8 26. Rxd8
Rxd8 27. Rd1 Rxd1+ 28. Nxd1 Bb3 29. Nb2 Nd7 30. Nf1 c5 31. Nd2 Be6 32. b5
axb5 33. axb5 Nb6 34. Kf2 Kg7 35. Ke3 c4 36. h4 Kf7 37. f4 exf4+ 38. Kxf4
Ke7 39. Ke3 g5 40. g3 gxh4 41. gxh4 c5 42. bxc6 Kd6 43. Kd4 Kxc6 44. Ndxc4
Nd7 45. Nd3 Nf8 46. Nf4 Bf7 47. Ne3 Nd7 48. Nd3 Nf8 49. Nf5 h5 50. Nb4+ Kd7
51. Nd5 Ke6 52. Ng7+ Kd6 53. Nxf6 Ne6+ 54. Nxe6 Kxe6 55. Nd5 Kd6 56. Nf4
Kc6 57. Nd3 Kd6 58. c4 Be8 59. c5+ Ke6 60. Nf4+ Kf6 61. Kd5 Ke7 62. c6 Kd8
63. Kd6 Kc8 64. c7 Kb7 65. Nd5 Kc8 66. Ne7+ Kb7 67. c8=Q+ 1-0

[Event "29th World Junior Girls"]
[Site "Chennai IND"]
[Date "2011.08.05"]
[Round "4"]
[White "Hannes,D"]
[Black "Madhurima,S"]
[Result "1/2-1/2"]
[WhiteElo "2188"]
[BlackElo "1854"]
[EventDate "2011.08.02"]

1. c4 c5 2. Nc3 Nc6 3. g3 g6 4. Bg2 Bg7 5. d3 e5 6. e3 Nge7 7. Nge2 O-O 8.
O-O d6 9. a3 f5 10. Rb1 a5 11. f4 h6 12. Bd2 Kh7 13. Nd5 Re8 14. Nec3 Ra6
15. Nxe7 Rxe7 16. Nd5 Re8 17. b4 axb4 18. axb4 cxb4 19. Bxb4 Ne7 20. fxe5
Nxd5 21. Bxd5 dxe5 22. Qf3 Qc7 23. Kh1 b6 24. Rfc1 Be6 25. Bxe6 Rxe6 26.
Qd5 Rc6 27. Ra1 Rxa1 28. Rxa1 Qb7 29. Kg2 Rc7 30. Qxb7 Rxb7 31. Kf2 Kg8 32.
Ra8+ Kf7 33. Ke2 h5 34. Bc3 Rc7 35. Rb8 Rc6 36. Rb7+ Kg8 37. Kd2 Bf6 38.
Kc2 Kf8 39. Kb3 Ke8 40. d4 exd4 41. Bxd4 Bd8 42. Kb4 g5 43. Kb5 Re6 44.
Bxb6 Bxb6 45. Rxb6 Rxe3 46. Rh6 f4 47. gxf4 gxf4 48. Rxh5 f3 49. Rh4 Kd7
50. Kc5 Kc7 51. Rh7+ Kc8 52. h4 Re5+ 53. Kb6 Re6+ 54. Kb5 Rh6 55. c5 Rxh4
56. Kb6 Rh1 1/2-1/2

[Event "29th World Junior Girls"]
[Site "Chennai IND"]
[Date "2011.08.05"]
[Round "4"]
[White "Martinez,Ay"]
[Black "Sathya,Pri"]
[Result "1-0"]
[WhiteElo "2011"]
[BlackElo "1842"]
[EventDate "2011.08.02"]

1. e4 c5 2. Nf3 e6 3. d3 Nc6 4. g3 Qc7 5. Nc3 a6 6. Bg2 Nf6 7. O-O d6 8. d4
cxd4 9. Nxd4 Bd7 10. a4 Be7 11. Re1 O-O 12. Nxc6 Bxc6 13. a5 Rfe8 14. Be3
Nd7 15. f4 b6 16. axb6 Nxb6 17. Bf1 Qb7 18. Ra2 Nd7 19. Qe2 a5 20. b3 Reb8
21. Qd2 Nf6 22. Bd3 Rd8 23. h3 d5 24. exd5 Nxd5 25. Nxd5 Rxd5 26. Qf2 Bb4
27. Rf1 Rd7 28. h4 Re8 29. Bd4 Red8 30. Bb6 Ra8 31. f5 exf5 32. Bd4 Be4 33.
Bxe4 fxe4 34. c3 Bd6 35. Qf5 Rad8 36. Rxa5 Qxb3 37. Qxe4 Bf8 38. Rg5 Qe6
39. Qxe6 fxe6 40. Re1 Kf7 41. Kg2 h6 42. Rg4 Rd5 43. Ra1 R8d7 44. Re1 g6
45. Rge4 Re7 46. c4 Ra5 47. Bc3 Ra2+ 48. Kh3 Ra6 49. Rf1+ Kg8 50. Rf6 g5
51. hxg5 hxg5 52. Rg6+ Kf7 53. Rxg5 Bh6 54. Rf4+ Ke8 55. Rg8+ Kd7 56. Rd4+
Kc7 57. Rdd8 e5 58. Rc8+ Kd7 59. Rcd8+ Kc7 60. Rd5 e4 61. Be5+ Kb7 62. Rb5+
Ka7 63. Bd4+ 1-0

[Event "29th World Junior Girls"]
[Site "Chennai IND"]
[Date "2011.08.05"]
[Round "4"]
[White "Anjana Krishna,S"]
[Black "Sithalatchumi,A"]
[Result "1/2-1/2"]
[WhiteElo "1830"]
[BlackElo "1939"]
[EventDate "2011.08.02"]

1. d4 d5 2. Nf3 Nf6 3. e3 Bf5 4. Bd3 Bg6 5. O-O Nbd7 6. b3 e6 7. Bb2 Ne4 8.
c4 c6 9. Nc3 Bd6 10. Qc2 Ndf6 11. c5 Bc7 12. b4 O-O 13. a4 b6 14. cxb6 axb6
15. Ne5 Qd6 16. f4 Nxc3 17. Bxg6 hxg6 18. Qxc3 Ne4 19. Qxc6 Rfc8 20. Qb5
Qd8 21. Rfc1 Bxe5 22. dxe5 Qh4 23. Qe2 Rxc1+ 24. Bxc1 Nc3 25. Qf1 Rxa4 26.
Rxa4 Nxa4 27. g3 Qg4 28. Bd2 Nb2 29. Bc3 Nc4 30. Kf2 Qf5 31. Qd1 g5 32. Bd4
gxf4 33. gxf4 Qh3 34. Qg1 g6 35. Qg3 Qf5 36. Qh4 Kg7 37. Kg3 Qe4 38. Qf6+
Kg8 39. Qd8+ Kg7 40. Qf6+ Kg8 1/2-1/2

[Event "29th World Junior Girls"]
[Site "Chennai IND"]
[Date "2011.08.05"]
[Round "4"]
[White "Salini,R"]
[Black "Shristi,J"]
[Result "0-1"]
[WhiteElo "1795"]
[BlackElo "1927"]
[EventDate "2011.08.02"]

1. g3 e5 2. Bg2 d5 3. e3 Nf6 4. Ne2 c6 5. d4 Bd6 6. O-O O-O 7. Nd2 exd4 8.
exd4 Re8 9. Nf3 Bf5 10. Nf4 h6 11. Nd3 Nbd7 12. c3 Qb6 13. b3 Qa6 14. Nf4
g5 15. Nh3 Qd3 16. Bd2 Ne4 17. Re1 Nxc3 18. Bxc3 Qxc3 19. Rc1 Qd3 20. Qxd3
Bxd3 21. Rxe8+ Rxe8 22. Ne1 Bf5 23. Nc2 Re2 24. Ne3 Bg6 25. a4 Rb2 26. Bf1
Rxb3 27. a5 Ba3 28. Rd1 a6 29. Be2 Bb4 30. Kg2 Nf6 31. Ng1 Ne4 32. Rf1 Bxa5
33. Nf3 Nc3 34. Bd1 Nxd1 35. Rxd1 Be4 36. g4 Bc7 37. h3 Bf4 38. Re1 Rd3 39.
Rd1 Rb3 40. Re1 a5 41. Re2 a4 42. Re1 a3 43. Re2 Bxe3 44. fxe3 Rb2 0-1

[Event "29th World Junior Girls"]
[Site "Chennai IND"]
[Date "2011.08.05"]
[Round "4"]
[White "Brunello,R"]
[Black "Mejia Salinas,Lluvia Angelica"]
[Result "1/2-1/2"]
[WhiteElo "2036"]
[BlackElo "1889"]
[EventDate "2011.08.02"]

1. e4 e5 2. Nf3 Nf6 3. Nc3 Nc6 4. d4 exd4 5. Nxd4 Bb4 6. Nxc6 bxc6 7. Bd3
Bxc3+ 8. bxc3 Qe7 9. O-O O-O 10. Bg5 Qe5 11. f4 Qxc3 12. e5 Qd4+ 13. Kh1
Ne4 14. Qh5 Nxg5 15. Qxg5 d6 16. Rad1 Qc5 17. Qe7 Be6 18. f5 Bxa2 19. f6
Qxe5 20. Qxc7 Rfc8 21. Qb7 Bd5 22. fxg7 a5 23. c4 Rab8 24. Qa7 Be6 25. Rf3
Kxg7 26. Rdf1 Rf8 27. Qe7 Rbe8 28. Qh4 Rh8 29. Rg3+ Kf8 30. Rg5 Qc3 31. Rg3
Qb2 32. Re3 h6 33. Qf4 Ke7 34. c5 f6 35. Qxd6+ Kf7 36. Qxc6 h5 37. Qc7+ Kf8
38. Ref3 Rh6 39. Qd6+ Re7 40. c6 Kf7 41. Re3 Qb4 42. Qg3 Qg4 43. Qf2 Qg5
44. Rfe1 f5 45. Re5 Rf6 46. Qb6 Qd2 47. Bb5 Rg6 48. R5e2 Qc3 49. Qf2 Qb4
50. Re5 a4 51. Rc1 a3 52. c7 Qb2 53. Rxf5+ Kg7 54. c8=Q Bxc8 55. Rxc8 Re1+
56. Bf1 Qxf2 57. Rxf2 Ra6 58. Rcc2 a2 59. Rxa2 Rxa2 60. Rf3 Kg6 61. Kg1 Kg5
1/2-1/2

[Event "29th World Junior Girls"]
[Site "Chennai IND"]
[Date "2011.08.06"]
[Round "5"]
[White "Paikidze,N"]
[Black "Girya,O"]
[Result "0-1"]
[WhiteElo "2416"]
[BlackElo "2371"]
[EventDate "2011.08.02"]

1. e4 c6 2. d4 d5 3. Nc3 dxe4 4. Nxe4 Bf5 5. Ng3 Bg6 6. h4 h6 7. Nf3 Nd7 8.
h5 Bh7 9. Bd3 Bxd3 10. Qxd3 e6 11. Bd2 Ngf6 12. O-O-O Be7 13. Ne4 Nxe4 14.
Qxe4 Nf6 15. Qd3 c5 16. Kb1 O-O 17. g4 Nxg4 18. Qe2 Qb6 19. Rhg1 f5 20. Ne5
cxd4 21. Nd7 Qa6 22. Qe1 Rf7 23. f3 Rd8 24. fxg4 Rxd7 25. gxf5 exf5 26. Bf4
d3 27. cxd3 Rxd3 28. Rc1 Rd8 29. Bc7 Re8 30. Qe3 Qa4 31. Qxh6 Qe4+ 32. Ka1
Bf6 33. Qd2 Qe2 34. Qb4 Rc8 35. Bf4 Rxc1+ 36. Rxc1 Qxh5 37. Qb3 g5 38. Bd6
Qe2 39. a3 Kg7 40. Ka2 f4 41. Rc2 Qe4 42. Rh2 f3 43. Bg3 a5 44. Qd1 b5 45.
Qh1 Kg8 46. Qc1 Qc4+ 0-1

[Event "29th World Junior Girls"]
[Site "Chennai IND"]
[Date "2011.08.06"]
[Round "5"]
[White "Cori T.,D"]
[Black "Nakhbayeva,G"]
[Result "1-0"]
[WhiteElo "2376"]
[BlackElo "2222"]
[EventDate "2011.08.02"]

1. d4 Nf6 2. Nf3 e6 3. e3 b6 4. Bd3 Bb7 5. O-O c5 6. c4 Be7 7. Nc3 cxd4 8.
exd4 d5 9. cxd5 exd5 10. Ne5 O-O 11. Re1 Nc6 12. Ba6 Nxe5 13. Bxb7 Ng6 14.
Bxa8 Qxa8 15. Bg5 h6 16. Bxf6 Bxf6 17. Qg4 Rd8 18. Rad1 Qc6 19. g3 b5 20.
Rd2 Nf8 21. Nd1 g6 22. h4 h5 23. Qf3 Nh7 24. Ne3 Bg7 25. Rc2 Qe6 26. Rc5
Bxd4 27. Rxd5 Rxd5 28. Qxd5 Qb6 29. Re2 Nf6 30. Qf3 Kg7 31. Kg2 Qc5 32. Rc2
Qe5 33. Qf4 Qxf4 34. gxf4 Bb6 35. Kf3 Kf8 36. Rc6 Ke7 37. b3 Bd4 38. Nc2
Bb6 39. Nb4 Ng4 40. Nd5+ Kd7 41. Rc2 Bd8 42. Rd2 Ke6 43. Nc3 Bxh4 44. Nxb5
1-0

[Event "29th World Junior Girls"]
[Site "Chennai IND"]
[Date "2011.08.06"]
[Round "5"]
[White "Bulmaga,I"]
[Black "Padmini,R"]
[Result "1-0"]
[WhiteElo "2293"]
[BlackElo "2348"]
[EventDate "2011.08.02"]

1. e4 c5 2. Nf3 d6 3. d4 cxd4 4. Nxd4 Nf6 5. Nc3 a6 6. Be3 e5 7. Nb3 Be7 8.
f3 Be6 9. Qd2 O-O 10. O-O-O a5 11. Qe1 Qc8 12. a4 Nc6 13. Kb1 Nb4 14. g4
Qc7 15. h4 Rfd8 16. g5 Nh5 17. Qf2 Rdc8 18. Rd2 f5 19. Bh3 Rf8 20. Bb6 Qc8
21. Nb5 Nf4 22. Bxf5 Bxf5 23. exf5 Qxf5 24. Nxd6 Bxd6 25. Rxd6 Rac8 26. Bc5
Nfd3 27. cxd3 Nxd3 28. Qc2 Nxc5 29. Qxf5 Rxf5 30. Rc1 e4 31. fxe4 Re5 32.
Rd5 Rxd5 33. exd5 b6 34. Nxc5 bxc5 35. d6 Kf7 36. d7 Rd8 37. Rd1 Ke6 38.
Kc2 Rxd7 39. Rxd7 Kxd7 40. Kc3 Kd6 41. Kc4 Kc6 42. h5 g6 43. hxg6 hxg6 44.
b3 Kd6 45. Kb5 Ke5 46. Kxa5 1-0

[Event "29th World Junior Girls"]
[Site "Chennai IND"]
[Date "2011.08.06"]
[Round "5"]
[White "Divyasri,C"]
[Black "Semenova,E"]
[Result "0-1"]
[WhiteElo "2123"]
[BlackElo "2175"]
[EventDate "2011.08.02"]

1. e4 e5 2. Nf3 Nc6 3. Bb5 a6 4. Ba4 Nf6 5. O-O Be7 6. Re1 b5 7. Bb3 d6 8.
h3 O-O 9. c3 Nb8 10. d4 Nbd7 11. Nbd2 Bb7 12. Bc2 Re8 13. b4 Bf8 14. a4 d5
15. Nxe5 dxe4 16. Nxd7 Qxd7 17. Nb3 Nd5 18. Bd2 Nb6 19. Nc5 Bxc5 20. dxc5
Nc4 21. Bf4 Qc6 22. Qg4 Rad8 23. axb5 axb5 24. Rad1 Rxd1 25. Rxd1 e3 26.
fxe3 g6 27. Qg3 Nxe3 28. Bxe3 Rxe3 29. Rd8+ Kg7 30. Qg4 Qf6 31. Qd4 Re1+
32. Kh2 Re2 33. c6 Qxd4 34. cxd4 Bxc6 35. d5 Rxc2 36. dxc6 Rxc6 37. Rd5 Rb6
38. Rc5 c6 39. Kg3 Ra6 40. Kf3 Kf6 41. Kf4 h6 42. Ke4 Ke6 43. Kd4 Kd6 44.
Rc2 Ra3 45. Rf2 f5 46. g4 Rb3 47. gxf5 Rxb4+ 48. Kc3 Rc4+ 49. Kb3 gxf5 50.
Rxf5 Rh4 51. Rf3 c5 52. Rg3 Kd5 53. Kc3 Ke4 54. Kc2 Rf4 55. Rg6 Rf2+ 56.
Kc1 b4 57. Rxh6 b3 58. Rb6 c4 59. h4 Kd3 60. h5 Kc3 61. Kd1 b2 0-1

[Event "29th World Junior Girls"]
[Site "Chennai IND"]
[Date "2011.08.06"]
[Round "5"]
[White "Tokhirjanova,H"]
[Black "Bhakti,K"]
[Result "1-0"]
[WhiteElo "2119"]
[BlackElo "2317"]
[EventDate "2011.08.02"]

1. e4 e6 2. d4 d5 3. Nd2 c5 4. exd5 exd5 5. Bb5+ Bd7 6. Qe2+ Be7 7. dxc5
Nf6 8. Ngf3 O-O 9. O-O Bxc5 10. Nb3 Re8 11. Qd3 Bxb5 12. Qxb5 Bb6 13. Bg5
Nbd7 14. Rad1 Qc7 15. Qd3 Re4 16. c3 Rae8 17. Nbd4 h6 18. Be3 Ne5 19. Nxe5
R8xe5 20. Nb5 Qd8 21. Bxb6 Qxb6 22. Rd2 Nh5 23. g3 Qe6 24. Nc7 Qh3 25. Nxd5
Re1 26. Ne3 Rxf1+ 27. Qxf1 Qe6 28. Rd8+ Kh7 29. Qd3+ g6 30. Rd5 Re4 31.
Rxh5 1-0

[Event "29th World Junior Girls"]
[Site "Chennai IND"]
[Date "2011.08.06"]
[Round "5"]
[White "Mammadova,G"]
[Black "Deur,Z"]
[Result "1-0"]
[WhiteElo "2294"]
[BlackElo "2116"]
[EventDate "2011.08.02"]

1. e4 c5 2. Nf3 Nc6 3. Bb5 d6 4. d4 cxd4 5. Qxd4 Bd7 6. Bxc6 Bxc6 7. Nc3
Nf6 8. Bg5 e6 9. O-O-O Be7 10. Qd3 Qa5 11. h4 h6 12. Bd2 Qc7 13. Nd4 a6 14.
f4 Bd7 15. Rhf1 g6 16. Rde1 O-O-O 17. g3 Rhe8 18. Kb1 Bf8 19. Nb3 Bg7 20.
Rg1 Ng4 21. Ne2 Kb8 22. c4 Rc8 23. Rc1 Bc6 24. Rgf1 b6 25. Ned4 Bb7 26. Bb4
Rcd8 27. Ka1 f5 28. exf5 gxf5 29. Nd2 Ka7 30. Rce1 Qd7 31. N4b3 Qc6 32. Re2
Qd7 33. a3 Nf6 34. Qe3 Ng4 35. Qd3 Nf6 36. Ka2 Ne4 37. Qe3 Qf7 38. Nxe4
Bxe4 39. Rd2 Qc7 40. Rfd1 Bf8 41. Rd4 Rd7 42. Qd2 Red8 43. c5 Bd5 44. cxb6+
Qxb6 45. Rxd5 exd5 46. Ba5 Qb5 47. Bxd8 Rxd8 48. Qd4+ Kb7 49. Qxd5+ Qxd5
50. Rxd5 Kc6 51. Rxf5 1-0

[Event "29th World Junior Girls"]
[Site "Chennai IND"]
[Date "2011.08.06"]
[Round "5"]
[White "Imeeva,A"]
[Black "Eric,J"]
[Result "0-1"]
[WhiteElo "2094"]
[BlackElo "2282"]
[EventDate "2011.08.02"]

1. e4 c5 2. Nf3 d6 3. d4 cxd4 4. Nxd4 Nf6 5. Nc3 g6 6. Be2 Bg7 7. O-O Nc6
8. Nb3 O-O 9. Be3 b6 10. f4 Bb7 11. Bf3 Rc8 12. Qe2 Nd7 13. Rad1 Nb4 14.
Qd2 Nc5 15. a3 Nc6 16. Qf2 Nxb3 17. cxb3 Na5 18. Nb5 Nxb3 19. Nxa7 Rc5 20.
Bxc5 bxc5 21. e5 Qb6 22. Bxb7 Qxb7 23. Qf3 Qxa7 24. exd6 exd6 25. Rxd6 c4+
26. Kh1 Bxb2 27. f5 Qxa3 28. Rd7 Nc5 29. Qxa3 Bxa3 30. Ra7 Bb2 31. Rc7 Bd4
32. Rd1 Nd3 33. Rf1 c3 34. g3 Be5 35. Rc4 Rb8 36. f6 h6 37. g4 Rb6 38. Rc8+
Kh7 39. Rf8 Rxf6 40. Rxf7+ Rxf7 41. Rxf7+ Kg8 0-1

[Event "29th World Junior Girls"]
[Site "Chennai IND"]
[Date "2011.08.06"]
[Round "5"]
[White "Forestier,C"]
[Black "Ozturk,Ku"]
[Result "0-1"]
[WhiteElo "2101"]
[BlackElo "2258"]
[EventDate "2011.08.02"]

1. d4 d5 2. Nf3 Nf6 3. c4 dxc4 4. e3 e6 5. Bxc4 a6 6. O-O c5 7. dxc5 Bxc5
8. Qxd8+ Kxd8 9. Nbd2 Nc6 10. Be2 Ke7 11. Nc4 b5 12. Nce5 Bb7 13. a4 b4 14.
Nxc6+ Bxc6 15. Nd2 Bd5 16. f3 a5 17. Kh1 Bb7 18. e4 Bd4 19. Nc4 Ba6 20. Rb1
Rhc8 21. b3 Nd7 22. Bb2 Bxb2 23. Rxb2 Ra7 24. Rd1 Bxc4 25. Bxc4 Ne5 26. Bb5
g5 27. Kg1 Rac7 28. Kf2 Rc2+ 29. Rd2 Rxd2+ 30. Rxd2 Rc3 31. Rb2 h5 32. Ke2
h4 33. h3 f5 34. exf5 exf5 35. Kd1 Kf6 36. Rd2 Rxb3 37. Rd6+ Ke7 38. Ra6
Rb1+ 39. Ke2 Rg1 40. Kf2 Ra1 41. Rxa5 b3 42. Be2 b2 43. Rxe5+ Kf6 44. Rb5
b1=Q 45. Rxb1 Rxb1 46. f4 gxf4 47. Bb5 Ke5 48. Kf3 Rb3+ 49. Kf2 f3 50. gxf3
Kf4 51. Bc6 Rb2+ 52. Kg1 Kg3 53. Kf1 Kxh3 54. Bd7 Kg3 55. Bxf5 h3 56. Be4
h2 57. f4 Kxf4 0-1

[Event "29th World Junior Girls"]
[Site "Chennai IND"]
[Date "2011.08.06"]
[Round "5"]
[White "Kulon,K"]
[Black "Pon,N"]
[Result "1-0"]
[WhiteElo "2227"]
[BlackElo "2075"]
[EventDate "2011.08.02"]

1. c4 e5 2. Nc3 Nc6 3. Nf3 f5 4. d4 e4 5. Bg5 Nf6 6. Ng1 Be7 7. e3 d6 8.
Nh3 Ng4 9. Bxe7 Nxe7 10. Nf4 c6 11. h4 Nf6 12. b4 d5 13. Qb3 Qd6 14. Be2
Bd7 15. a4 a6 16. a5 Rd8 17. Rc1 O-O 18. b5 cxb5 19. cxb5 Rc8 20. O-O Kh8
21. Na4 axb5 22. Nc5 Bc6 23. Bxb5 Ra8 24. Bxc6 Nxc6 25. Qb6 Rfc8 26. Nxb7
Qc7 27. Qxc7 Rxc7 28. Nd6 g6 29. Ne6 Re7 30. Rxc6 Rxe6 31. Nf7+ Kg7 32.
Rxe6 Kxf7 33. Rb6 Rxa5 34. Rfb1 Kg7 35. g3 Ng4 36. Rb7+ Kh6 37. R7b5 Ra2
38. R1b2 Ra1+ 39. Kg2 Nf6 40. Rb7 Ng4 41. R7b5 Nf6 42. Rb6 Ng4 43. Rd6 Ra5
44. Rc2 Kg7 45. Rc7+ Kh6 46. Rf7 Ra8 47. Rdd7 Rh8 48. Kg1 1-0